| 000 | 01834nam a22003734i 4500 | ||
|---|---|---|---|
| 001 | 1462884 | ||
| 003 | CO-MdFUSB | ||
| 005 | 20250903115612.0 | ||
| 008 | 150115s2008 ilu gr 00010 spa d | ||
| 020 | _a9781940009490 | ||
| 040 |
_aCO-BoBLA _bspa _cCO-MdFUSB _dCO-MdFUSBC _erda |
||
| 041 | _aspa | ||
| 082 | 0 | 4 |
_a250 _bD481 _223 |
| 100 | 1 |
_aDever, Mark. _eautor |
|
| 240 | _aWhat is a Healthy Church | ||
| 245 | 0 | 1 |
_a¿Qué es una iglesia sana? _c/ Mark Dever |
| 260 | 1 | _bCrossway Books, | |
| 264 | 1 |
_aWheaton : _b9Marks, _c℗2016 |
|
| 264 | 4 | _c©2016 | |
| 300 |
_a267 páginas ; _c18 cm. |
||
| 336 |
_2rdacontent _atexto _btxt |
||
| 337 |
_2rdamedia _asin mediación _bn |
||
| 338 |
_2rdacarrier _avolumen _bnc |
||
| 505 |
_gParte I: _t¿Qué es una iglesia sana? : _aTu cristianismo y tu iglesia -- Lo que una iglesia es... y no es -- Lo que toda iglesia debe aspirar a ser: Santa -- Guía básica: Cómo reflejar el carácter de Dios -- Consejos rápidos: si éstas pensando salir de tu iglesia _gParte II: _tMarcas esenciales de una iglesia sana: _aPredicación expositiva -- Teología bíblica -- Un entendimiento bíblico de las buenas nuevas -- Consejos rápidos: Cómo encontrar una iglesia santa _gParte III: _tMarcas importantes de una iglesia sana: _aUn entendimiento bíblico de la conversión -- Un entendimiento bíblico del evangelismo -- Un entendimiento bíblico de la membresía - Disciplina bíblica en la iglesia -- El discipulado y el crecimiento bíblico -- Liderazgo bíblico en la iglesia -- Conclusión: ahora viene lo bueno |
||
| 563 | _aTapa rústica | ||
| 650 | 0 |
_aTeología práctica _9180 |
|
| 650 | 7 |
_aIglesia _9655 |
|
| 720 | _aPuerto, Daniel | ||
| 720 | _aDennis, Josh | ||
| 720 | _aPérez Albandoz, Javier | ||
| 720 | _aDurais, Rubner | ||
| 942 | _cBK | ||
| 945 | _aJTF-925 | ||
| 999 |
_c64902 _d64902 |
||